000 00518nam a2200193Ia 4500
005 20250508162119.0
008 008 250505s9999 xx 000 0 hin d
037 _aTextual
040 _aFEDL
_beng
_cFEDL
041 _ahin
_2eng
084 _a370, VID
_qFEDL
100 _aVidyalankar Harischandra Tr.
_9772335
245 0 _aShiksha ki khoj me
260 _aDelhi, India
_bNational Akademi
_c1964
300 _a99p
650 _aEducation
942 _cTEXL
_h370, VID
999 _c1374456
_d1374456